000 00765cam a2200193 4500
008 020418n2002 000 0 eng u
020 _a0632063939
035 _a(Sirsi) u117565
041 _aeng.
050 _a624.0684
_c18
100 _aMoore, D.
245 _aProject management
_bdesigning effective organisational structures in construction
260 _aOxford
_bBlackwell Science
_c2002
300 _axvi, 288p.
_c25cm.
350 _a37.50
520 _aExamines the diverse factors to be considered when determining an initial overall organisation for new construction projects. Also looks at how to vary the organisation in response to the differing environments over the lifetime of a project.
690 _aProject management
_96261
942 _n0
999 _c102026
_d102026